00525nam a22001337a 4500020001600000082001100016100002100027245014100048260003600189300002700225650005300252700002800305856005800333 qHard Cover. a629.04 aAmjad, Muhammad  aCharacterization of Distresses in the Soft Foundation Soil Caused by Highway Embankment to Formulate Remedial Measures/ cMuhammad Amjad aIslamabad :bMCE - NUST,c2017. a115 p. : ill. ;c30cm. aMS- Transportation and Geotechnical Engineering  aSupervisor. Sarfraz Ali u http://10.250.8.41:8080/xmlui/handle/123456789/20763